Catálogo
 En Linea

Arte de la lengua japona (1738) ; (Registro nro. 41946)

Detalles MARC
000 -CABECERA
campo de control de longitud fija 01691nam a2200289 a 4500
001 - NÚMERO DE CONTROL
campo de control 000042457
005 - FECHA Y HORA DE LA ÚLTIMA TRANSACCIÓN
campo de control 20201002040153.0
008 - DATOS DE LONGITUD FIJA--INFORMACIÓN GENERAL
campo de control de longitud fija 131203s2010 mx 000 0 spa d
020 ## - NÚMERO INTERNACIONAL ESTÁNDAR DEL LIBRO
Número Internacional Estándar del Libro 9788483471104 (obra comp.)
040 ## - FUENTE DE LA CATALOGACIÓN
Centro catalogador/agencia de origen DO-SdBNP
Lengua de catalogación spa
Centro/agencia transcriptor BNPHU
082 ## - NÚMERO DE LA CLASIFICACIÓN DECIMAL DEWEY
Número de clasificación 495.68242
Número de documento/Ítem O98a
100 1# - ENTRADA PRINCIPAL--NOMBRE DE PERSONA
Nombre de persona Oyanguren de Santa Inés, Melchor
Fechas asociadas al nombre 1688-1747)
9 (RLIN) 69620
245 10 - MENCIÓN DE TÍTULO
Título Arte de la lengua japona (1738) ;
Resto del título Tagalysmo elucidado 1742 ; Arte Chínico (1742) /
Mención de responsabilidad, etc. Melchor Oyanguren de Santa Inés ; estudio a cargo de Otto Zwartjes.
246 14 - FORMA VARIANTE DE TÍTULO
Título propio/Titulo breve Arte de la lengua japona :
Resto del título dividido en quatro libros según el arte de Nebrixa, con algunas voces proprias de la escritura, y otras de los lenguajes de Ximo, y del Cami, y con algunas perifrases, y figuras
260 ## - PUBLICACIÓN, DISTRIBUCIÓN, ETC.
Lugar de publicación, distribución, etc. Madrid :
Nombre del editor, distribuidor, etc. Angencia Española de Cooperación Internacional para el Desarrollo,
Fecha de publicación, distribución, etc. 2010.
300 ## - DESCRIPCIÓN FÍSICA
Extensión 227p., [8] h. pleg. ;
Dimensiones 20 cm.
500 ## - NOTA GENERAL
Nota general Incluye referencias bibliográficas y notas al pie de las páginas
505 0# - NOTA DE CONTENIDO CON FORMATO
Nota de contenido con formato V. 1: Arte de la lengua japona dividido en quatro libros segun el arte de Nebrixa..(1738) --
Título V. 2: Tagalismo elucidado y reducido en lo posible a la latinidad de Nebrija...(1742) --
-- V. 3: Arte chinico(1743). Estudio a cargo de Otto Zwartjes.
504 ## - NOTA DE BIBLIOGRAFÍA, ETC.
Nota de bibliografía, etc. Bibliografía p. : 151-181
500 ## - NOTA GENERAL
Nota general Guardado en estuche
534 ## - NOTA SOBRE LA VERSIÓN ORIGINAL
Encabezamiento principal del original Tagalysmo elucidado
Mención de edición del original Fascímil
Publicación, distribución, etc. del original México : Imprenta de D. Francisco Xavier Sánchez, 1742.
650 #4 - PUNTO DE ACCESO ADICIONAL DE MATERIA--TÉRMINO DE MATERIA
Término de materia o nombre geográfico como elemento de entrada Japonés
Subdivisión general Gramática
9 (RLIN) 69621
650 #4 - PUNTO DE ACCESO ADICIONAL DE MATERIA--TÉRMINO DE MATERIA
Término de materia o nombre geográfico como elemento de entrada Japonés (lengua)
Subdivisión general Gramática comparada
9 (RLIN) 69622
650 #4 - PUNTO DE ACCESO ADICIONAL DE MATERIA--TÉRMINO DE MATERIA
Término de materia o nombre geográfico como elemento de entrada Tagalo (lengua)
Subdivisión general Gramática comparada
9 (RLIN) 69623
700 12 - PUNTO DE ACCESO ADICIONAL--NOMBRE DE PERSONA
Nombre de persona Zwartjes, Otto
Término indicativo de función/relación estudio
9 (RLIN) 69624
740 2# - PUNTO DE ACCESO ADICIONAL--TÍTULO RELACIONADO O ANALÍTICO NO CONTROLADO
Título relacionado o analítico no controlado Tagalysmo elucidado (1742) y arte chínico (1742)
Existencias
Estado de retiro Estado de pérdida Restricciones de uso No para préstamo Código de colección Localización permanente Ubicación/localización actual Ubicación en estantería Fecha de adquisición Número de inventario Total de préstamos Signatura topográfica completa Código de barras Fecha visto por última vez Precio válido a partir de Tipo de ítem Koha Número de copia
      Excluido de préstamo Monografías: Libros y Folletos General General Depósito 03.12.2013 LF1   495.68242 O98a 42457-10 25.06.2020 25.06.2020 No se presta  
      Excluido de préstamo Monografías: Libros y Folletos General General Depósito 03.12.2013 LF1   495.68242 O98a 42457-20 25.06.2020 25.06.2020 No se presta e. 2
        Monografías: Libros y Folletos General General Depósito 03.12.2013 LF1   495.68242 O98a 42457-30 25.06.2020 25.06.2020 Préstamo en sala e. 3

Con tecnología Koha